Score 0/35 Timer 07:00
1 Play Today
% Correct
Lou
88.7%
Bill
88.6%
Pat
87.8%
Erin
86.9%
Nick
86.6%
Anna
86%
Ian
85.9%
Ash
85.8%
Ida
85.3%
Ken
84.4%
Eric
84.3%
Pete
84%
Tina
83.6%
Meg
83.1%
Greg
82.8%
Ellie
82.8%
Dan
82.5%
Toni
81.3%
% Correct
Tom
81.2%
Amber
80.8%
Eli
80.5%
Evan
79.9%
Andy
76.4%
Mark
75.5%
Aria
75%
Sue
74.1%
Eve
73.5%
Jack
73.4%
Will
72.2%
Ron
72%
Donna
70.3%
Rick
68.1%
Sam
67%
Kim
63.1%
Monica
62.7%
Remove Ads.
Support Sporcle.
Get the best of Sporcle when you Go Orange. This ad-free experience offers more features, more stats, and more fun while also helping to support Sporcle. Thank you for becoming a member.

You're not logged in!

Compare scores with friends on all Sporcle quizzes.
OR
Log In

Show Comments

Extras

Top Quizzes Today


Score Distribution

Your Account Isn't Verified!

In order to create a playlist on Sporcle, you need to verify the email address you used during registration. Go to your Sporcle Settings to finish the process.

Report this User

Report this user for behavior that violates our Community Guidelines.

Details: